| 000 | 00823nam a2200253Ia 4500 | ||
|---|---|---|---|
| 003 | OSt | ||
| 005 | 20221005062418.0 | ||
| 006 | a|||||r|||| 00| 0 | ||
| 007 | ta | ||
| 008 | 221004b |||||||| |||| 00| 0 fre d | ||
| 020 |
_a9780415356169 (pbk) _c495 |
||
| 024 | _a87076 | ||
| 037 |
_b84699, 22/10/2007, International Book Distributors _cTextual |
||
| 040 |
_aCRL _cCRL _bfre |
||
| 041 |
_2fre _afre |
||
| 082 | _aV2.G<-B, P7 | ||
| 100 |
_aAvari Burjor _9471888 |
||
| 245 | 0 |
_aIndia the Ancient past _b a history of the Indian sub - continent from c. 7000 BC to AD 1200 |
|
| 260 |
_aLondon _bRoutledge USA _c2007 |
||
| 300 |
_axv, 284p. _ccm. |
||
| 650 | _aHISTORY | ||
| 942 |
_hV2.G<-B, P7 _cTEXL _2cc |
||
| 999 |
_c969634 _d969634 |
||